|
|
|
|
| LEADER |
00000cam a2200000 7i4500 |
| 001 |
0000019018 |
| 005 |
20090514.0 |
| 008 |
090513s my a may |
| 020 |
|
|
|a 9789833364435 ,
|c RM29.90
|
| 040 |
|
|
|a INS
|
| 090 |
0 |
0 |
|a HF5415.1265
|b M64 2007
|
| 100 |
0 |
|
|a Mohd Suhaimy Abu Bakar
|
| 245 |
1 |
0 |
|a Rahsia blogger :
|b membongkar rahsia buat duit dengan blog
|c Mohd Suhaimy Abu Bakar & Mohammed Farid Sulaiman
|
| 260 |
|
|
|a Selangor :
|b True Wealth Publishing ,
|c 2007
|
| 300 |
|
|
|a 111ms. :
|b il. ;
|c 21cm.
|
| 650 |
|
0 |
|a Blogs
|
| 650 |
|
0 |
|a Business enterprises
|x Blogs
|
| 650 |
|
0 |
|a Internet marketing
|
| 700 |
0 |
|
|a Mohammed Farid Sulaiman
|
| 999 |
|
|
|a 0000020877
|b BOOK
|c Open Shelf
|e Default branch
|